| 000 | 00614nam a2200181 i 4500 | ||
|---|---|---|---|
| 001 | 26744 | ||
| 003 | ES-MaACL | ||
| 005 | 20230906153508.0 | ||
| 007 | t| | ||
| 008 | 030110s1972 sp ||||1| spa d | ||
| 100 | 1 |
_aArredondo, F. _923238 |
|
| 245 | 1 | 0 |
_aDosificación de hormigones / _cDatos recopilados por F. Arredondo. |
| 250 | _a[4ª ed.]. | ||
| 260 |
_a[Madrid : _bInstituto Eduardo Torroja de la Construcción y del Cemento, _c1972] |
||
| 300 |
_a189 p. : _b6 gráf. pleg. ; _c28 cm. |
||
| 710 | 2 |
_aInstituto Eduardo Torroja de la Construcción y del Cemento. _95030 |
|
| 852 |
_aES-MaACL _jE-7271 _bR.91617 |
||
| 999 |
_c26744 _d26744 |
||